00391nam a2200145Ia 4500008004100000020001500041041001200056082001600068100001600084245007800100260003500178300000800213650000800221700001600229221030s9999 xx 000 0 und d a812410168X aEnglish a105.23bVer aT. R. Verma 0aElectronic Principles Applications & Devicescby T. R. Verma, J. D. Anand bHar Anand PubaNew Delhic1995 a406 aECE aJ. D. Anand